000 00316pam a2200133 a 4500
020 _c
041 _h
082 _a743.6
_bPIN
100 _aPolly pinder .
245 _aHow to Draw Cats in Simple l Steps
_hTextual Documents
260 _a[s.l]:
_bSearch Press ,
_c2014.
300 _a32:
_bpaper.
930 _a7962
999 _c241752
_d241752